| Tag |
First Indicator |
Second Indicator |
Subfields |
| LEADER |
00000cam a2200000 4500 |
| 001 |
in00000664310 |
| 005 |
20151015082802.0 |
| 008 |
800923r18051805miu a 00010 eng d |
| 035 |
|
|
|a (OCoLC)06742258
|
| 035 |
|
|
|9 ACX9624AM
|
| 040 |
|
|
|a EEU
|c TXA
|d UtOrBLW
|
| 049 |
|
|
|a TXAI
|
| 090 |
|
|
|a R117
|b .R95
|
| 099 |
|
|
|a film
|a B
|a 1512
|a reel
|a 505.5
|
| 100 |
1 |
|
|a Rush, Benjamin,
|d 1746-1813.
|
| 245 |
1 |
0 |
|a Medical inquiries and observations /
|c By Benjamin Rush. In four volumes.
|
| 250 |
|
|
|a The 2d ed., rev. and enl.
|b by the author.
|
| 264 |
|
1 |
|a Philadelphia :
|b J. Conrad,
|c 1805.
|
| 300 |
|
|
|a 4 volumes ;
|c 23 cm.
|
| 336 |
|
|
|a text
|b txt
|2 rdacontent
|
| 337 |
|
|
|a microform
|b h
|2 rdamedia
|
| 338 |
|
|
|a microfilm reel
|b hd
|2 rdacarrier
|
| 500 |
|
|
|a Microfilm. Ann Arbor, Mich., University Microfilms [n.d.] (American culture series, Reel 505.5)
|
| 500 |
|
|
|a Microform.
|
| 650 |
|
0 |
|a Medicine.
|
| 999 |
|
|
|a MARS
|
| 999 |
f |
f |
|s 0a69f8a2-9e52-3602-afe1-70e46acff4e7
|i 09baca28-316b-3eee-bf02-1a6d310d3a91
|t 0
|
| 952 |
f |
f |
|p default
|a Texas A&M University
|b College Station
|c Sterling C. Evans Library
|d Evans: Microforms (3rd floor)
|t 0
|e film B 1512 reel 505.5
|h Other scheme
|i microform -- microfilm reel
|
| 998 |
f |
f |
|a film B 1512 reel 505.5
|t 0
|l Evans: Microforms (3rd floor)
|